000 00582nas a2200217 4500
001 BR9207164
003 BR-BrBNA
005 20231205100502.0
007 ta
008 230509b bl.|||p| |||| 00| 00por d
040 _aBR-BrBNA
_bpor
_cBiblioteca Nacional de Agricultura
041 _a(Pt)
072 _aL01
100 1 _aAnon.
245 1 _aCodornas; criacao facil
650 _aCodorna
650 _aCriacao
773 0 _tAves e Ovos (Brazil)
_xISSN 0005-2000
_g(Feb 1970), v. 5(29) p. 46-47
_wBR9207164
909 _a202311
_bLúcia
_c55
_dLúcia Elande
942 _2AGRIS
_n0
_cANA
999 _c156300
_d156300